| 000 | 00707nam a2200181Ia 4500 | ||
|---|---|---|---|
| 003 | GCL | ||
| 008 | 140319s9999 xx 000 0 ara d | ||
| 040 |
_aGCL / _cGCL |
||
| 082 | 0 | 4 |
_a657 _bص م |
| 100 | 1 | _aصادق حامد مصطفى | |
| 245 | 1 | 0 |
_aالمحاسبة فى المنشأت الخدمية الفنادق منشات المهن الحرة لهيئات غير تجارية شركة النقل البحرى / _cصادق حامد مصطفى |
| 700 | 1 | _aالهادى محمد السحيرى | |
| 260 |
_a[S.N] : _bكلية المحاسبة ، _c1992 |
||
| 300 | _a576 ص | ||
| 490 |
_aمنشورات كلية المحاسبة - غريان _v0 |
||
| 650 | 0 | 4 | _aالمحاسبة |
| 942 |
_2ddc _cBK |
||
| 999 |
_c52855 _d52855 |
||